Analog And Other Simulations of Your Future: (Record no. 183078)

MARC details
000 -LEADER
fixed length control field 00588 a2200193 4500
005 - DATE AND TIME OF LATEST TRANSACTION
control field 20211216103931.0
010 ## - LCCN (DPL NO)
LC control number ENG-130351
020 ## - INTERNATIONAL STANDARD BOOK NUMBER
Terms of availability 399.00
International Standard Book Number 978-93-89253-08-5
035 ## - SYSTEM CONTROL NUMBER
System control number EN-113883
037 ## - SOURCE OF ACQUISITION
Source of stock number/acquisition DBAD / PUB
082 ## - DEWEY DECIMAL CLASSIFICATION NUMBER
Classification number N
100 ## - MAIN ENTRY--PERSONAL NAME
Personal name Lakshminaray, Lavanya
245 ## - TITLE STATEMENT
Title Analog And Other Simulations of Your Future:
Statement of responsibility, etc Lavany6a Lakshminarayan
250 ## - EDITION STATEMENT
Edition statement 2020
260 ## - PUBLICATION, DISTRIBUTION, ETC. (IMPRINT)
Name of publisher, distributor, etc Hachette India
Date of publication, distribution, etc 2020
Place of publication, distribution, etc Gurugram
270 ## - ADDRESS
City Gurugram
Address 4th & 5th Floors, Corporate Centre, Plot No. 94, Sector 44,
Postal code 122003
300 ## - PHYSICAL DESCRIPTION
Extent 312p.
Dimensions 19cm (pbk)
942 ## - ADDED ENTRY ELEMENTS (KOHA)
Institution code [OBSOLETE] dpl
Item type English Books
Source of classification or shelving scheme Dewey Decimal Classification
Classification part N
Call number suffix LAK
Holdings
Withdrawn status Lost status Not for loan Collection code Home library Current library Date acquired Source of acquisition Cost, normal purchase price Full call number Barcode Copy number Cost, replacement price Koha item type
      Fiction Shahdara Branch Shahdara Branch 16/12/2021 DBAD/PUB 399.00 N LAK EN-113883 1 399.00 English Books

© Delhi Public Library
Hit Counter
free hit counter